| 000 | 00575nam a2200241 a 4500 | ||
|---|---|---|---|
| 001 | nice12345678 | ||
| 003 | IN_TiNIC | ||
| 005 | 20260116011751.0 | ||
| 008 | 050524s1974 enga grp 000 0 eng | ||
| 020 |
_a _c100 |
||
| 082 | 0 | 0 |
_a297 _bIRV |
| 100 | _aIrving, T B | ||
| 245 | _aGrowing Up in Islam. | ||
| 260 |
_aEngland _bIslamic Foundation _c1974 |
||
| 300 | _a8p. | ||
| 500 | _aincludes index and biblioraphy | ||
| 505 | 2 | _aperspectives of islam-3 | |
| 650 | _aIslam-Miscellany | ||
| 700 | 1 | _aIrving, T B | |
| 902 | _bSRS | ||
| 942 | _cBK | ||
| 999 |
_c3808 _d3808 |
||